00699nam a2200217 a 450000100060000000300080000600500170001400800410003103500190007204000400009104100080013108200240013910000240016324500650018726000490025230000260030149000280032750400200035565000780037583000280045314019BD-RjUL20211208235546.0190310s1945 us a 101 0 eng d a(BD-RjUL)14071 aDLCcDLCdVVK/m.c/EUXdBD-RjULbeng aeng a378.73025bRAA 19451 4Ratcliffe, Ella B.  aAccredited higher institutions, 1944 /cby Ella B. Ratcliffe aWashington : bUnited States G.P.O., a1945. aiv, 144 p. ; c23 cm. aBulletin, 1944 ;vno. 3 aIncludes index. aUniversities and colleges xAccreditation zUnited States vDirectories.  aBulletin, 1944 ;vno. 3